The land market 2007 (Record no. 80486)

MARC details
000 -LEADER
fixed length control field 00944cab a22001815a 4500
001 - CONTROL NUMBER
control field L144486
008 - FIXED-LENGTH DATA ELEMENTS--GENERAL INFORMATION
fixed length control field 080722s2008 xxkdo f s 000 0 eng d
035 ## - SYSTEM CONTROL NUMBER
System control number (Sirsi) u144486
041 0# - LANGUAGE CODE
Language code of text/sound track or separate title eng
100 1# - MAIN ENTRY--PERSONAL NAME
Personal name Paice, Catherine
245 04 - TITLE STATEMENT
Title The land market 2007
Remainder of title the last six months
260 ## - PUBLICATION, DISTRIBUTION, ETC.
Date of publication, distribution, etc. 2008
490 ## - SERIES STATEMENT
Series statement Farmland Market
Volume/sequential designation (69) Summer 2008, 4-5(2)
520 ## - SUMMARY, ETC.
Summary, etc. Article looks at the significant increases in the value of the rural land market over the last six months of 2007 (27.9% overall). Factors affecting this included rising commodity prices, changing attitudes towards food production and an imbalance between supply and demand. Suggests that early indications of a 10-15% increase in rural land values for 2008 might be overly conservative considering current market conditions.
651 #4 - SUBJECT ADDED ENTRY--GEOGRAPHIC NAME
Geographic name United Kingdom
Chronological subdivision
690 ## - LOCAL SUBJECT ADDED ENTRY--TOPICAL TERM (OCLC, RLIN)
Topical term or geographic name as entry element PROPERTY-RURAL AND NATURAL ASSETS-AGRICULTURAL PROPERTY-AGRICULTURAL PROPERTY MARKET
942 ## - ADDED ENTRY ELEMENTS (KOHA)
Suppress in OPAC 0
Holdings
Withdrawn status Lost status Source of classification or shelving scheme Damaged status Not for loan Home library Current library Shelving location Date acquired Total Checkouts Full call number Barcode Date last seen Copy number Price effective from Koha item type
    Dewey Decimal Classification     London London Journal article 22/07/2008   L144486 144486-1001 06/08/2019 1 06/08/2019 Journal article